000
00315nam a2200121Ia 4500
008
220901s9999||||xx |||||||||||||| ||und||
082
_a
003 PRA
100
_a
Prasad J.B
245
0
_a
ACCST research journal
250
_a
Vol. 3 (3) & 4 (2, 3 & 4)
260
_b
Prasad J.B
_c
2005 & 2006
650
_a
Computer science
999
_c
193904
_d
193904